| 000 | 01002cam a2200265 a 4500 | ||
|---|---|---|---|
| 001 | 4329224 | ||
| 005 | 19891201125127.8 | ||
| 008 | 880629s1988 njua f 001 0 eng | ||
| 010 | _a 88022673 | ||
| 040 |
_aDLC _cDLC _dDLC _dOCoLC |
||
| 050 | 0 | 0 |
_aTJ985 _b.C59 1988 |
| 082 | 0 | 0 |
_a621.5 _219 _bCOM |
| 245 | 0 | 0 |
_aCompressed air and gas Data / _ceditor A. W. Loomis. |
| 250 | _a. | ||
| 260 |
_aNew jersy, _bIngersollrand, _cc.1969. |
||
| 300 |
_axix, . : _bill. ; _c24 cm. |
||
| 500 | _aIncludes index. | ||
| 650 | 0 |
_aCompressed air _xHandbooks, manuals, etc. _96722 |
|
| 650 | 0 |
_aGases, Compressed _xHandbooks, manuals, etc. _96723 |
|
| 700 | 1 |
_aRollins, John P. _96724 |
|
| 710 | 2 |
_aCompressed Air and Gas Institute. _96725 |
|
| 942 |
_2ddc _cBB |
||
| 999 |
_c11969 _d11969 |
||